[Event "Staufer op 32nd"]
[Site "Schwaebisch Gmuend"]
[Date "2020.01.02"]
[Round "2"]
[White "Weiss, Andreas"]
[Black "Wenninger, Philipp"]
[Result "1/2-1/2"]
[WhiteElo "2193"]
[BlackElo "2366"]
[PlyCount "95"]
[EventDate "2020.01.02"]
[EventType "swiss"]
[EventRounds "9"]
[EventCountry "GER"]
[SourceTitle "CBM 194 Extra"]
[Source "ChessBase"]
[SourceDate "2020.03.31"]
[SourceVersion "1"]
[SourceVersionDate "2020.03.31"]
[SourceQuality "1"]

1. e4 c6 2. d4 d5 3. e5 Bf5 4. Nf3 e6 5. Be2 Ne7 6. 0-0 c5 7. c3 Nd7 8. Nh4 Be4 9. Nd2 Nc6 10. Nhf3 cxd4 11. cxd4 Qb6 12. Nb3 Be7 13. Be3 0-0 14. Bd3 a5 15. a4 Bxd3 16. Qxd3 Nb4 17. Qd2 Rfc8 18. Rfc1 Rxc1+ 19. Qxc1 Qd8 20. Qd1 Rc8 21. Rc1 Rc4 22. Nbd2 Rc6 23. Ne1 Qb6 24. Nb3 Nc2 25. Rxc2 Qxb3 26. Rd2 Qb6 27. Nd3 Qc7 28. g3 Nb8 29. Ne1 Rc1 30. Qe2 Ra1 31. Kg2 Rxa4 32. b3 Rb4 33. Rd3 Rb6 34. h4 Rc6 35. h5 b5 36. Qg4 Rc3 37. Bh6 g6 38. hxg6 hxg6 39. Rxc3 Qxc3 40. Bg5 Bxg5 41. Qxg5 Nc6 42. Nf3 Qc2 43. g4 Kf8 44. Qf6 Ke8 45. Ng5 Nd8 46. Qh8+ Ke7 47. Qf6+ Ke8 48. Qh8+ 1/2-1/2

[Event "Oberliga Wuerttemberg 1920"]
[Site "Wuerttemberg"]
[Date "2019.12.15"]
[Round "5.3"]
[White "Weiss, Andreas"]
[Black "Degenhard, Simon"]
[Result "0-1"]
[WhiteElo "2163"]
[BlackElo "2138"]
[PlyCount "90"]
[EventDate "2019.09.15"]
[EventType "team-tourn"]
[EventRounds "9"]
[EventCountry "GER"]
[SourceTitle "EXT 2021"]
[Source "ChessBase"]
[SourceDate "2020.10.23"]
[SourceVersion "1"]
[SourceVersionDate "2020.10.23"]
[SourceQuality "1"]
[WhiteTeam "Schwaebisch Gmuend"]
[BlackTeam "Heilbronn"]
[WhiteTeamCountry "GER"]
[BlackTeamCountry "GER"]

1. e4 c5 2. Nf3 d6 3. d4 cxd4 4. Nxd4 Nf6 5. Nc3 a6 6. Be3 e6 7. f3 Be7 8. Qd2 Nc6 9. 0-0-0 0-0 10. g4 Nxd4 11. Bxd4 b5 12. g5 Nd7 13. h4 Bb7 14. Rg1 Rc8 15. Bh3 b4 16. Ne2 Ne5 17. Bxe5 dxe5 18. Qxd8 Rfxd8 19. Rxd8+ Rxd8 20. Rd1 Rxd1+ 21. Kxd1 g6 22. Nc1 h6 23. Nd3 hxg5 24. hxg5 a5 25. Nxe5 Bxg5 26. Nc4 Bd8 27. b3 f5 28. Kd2 Kg7 29. Ke3 Kf6 30. Bf1 Bc7 31. Bd3 g5 32. exf5 exf5 33. Be2 Bc8 34. a3 g4 35. fxg4 fxg4 36. axb4 axb4 37. Nd2 Ke5 38. Nc4+ Kd5 39. Bd3 g3 40. Be4+ Kc5 41. Kd3 Bf4 42. Ne3 Bxe3 43. Kxe3 Be6 44. Bg6 g2 45. Kf2 Bd5 0-1

[Event "Oberliga Wuerttemberg 1819"]
[Site "Wuerttemberg"]
[Date "2019.02.03"]
[Round "6"]
[White "Balacek, Tadeas"]
[Black "Weiss, Andreas"]
[Result "1-0"]
[WhiteElo "2291"]
[BlackElo "2189"]
[PlyCount "103"]
[EventDate "2018.09.23"]
[EventType "team-tourn"]
[EventRounds "9"]
[EventCountry "GER"]
[SourceTitle "EXT 2020"]
[Source "ChessBase"]
[SourceDate "2019.10.17"]
[SourceVersion "1"]
[SourceVersionDate "2019.10.17"]
[SourceQuality "1"]
[WhiteTeam "Weiler im Allgaeu"]
[BlackTeam "Schwaebisch Gmuend"]
[WhiteTeamCountry "GER"]
[BlackTeamCountry "GER"]

1. d4 Nf6 2. Nf3 e6 3. Bf4 b6 4. e3 Bb7 5. Bd3 c5 6. h3 Be7 7. 0-0 0-0 8. Nbd2 cxd4 9. exd4 d6 10. Re1 Nbd7 11. a4 a6 12. Bh2 Re8 13. Nc4 Qc7 14. b4 Nd5 15. Qd2 N7f6 16. b5 axb5 17. axb5 Rxa1 18. Rxa1 Ra8 19. Qe1 Rd8 20. Ra3 Qb8 21. Qb1 Rd7 22. Ncd2 Nc7 23. c4 Qc8 24. Rc3 Qa8 25. Qb2 Nce8 26. Rc1 Rc7 27. Ra1 Qd8 28. Qb1 g6 29. Qb2 Rc8 30. Ra7 Rc7 31. Qa1 Qb8 32. Ra4 Qd8 33. Ne1 Rd7 34. Nb3 Ne4 35. f3 N4f6 36. Nc2 e5 37. d5 Nh5 38. Nb4 Bh4 39. Qc1 f5 40. Nc6 Qf6 41. Qe3 Rf7 42. Ra2 g5 43. Nd2 e4 44. fxe4 Bxc6 45. bxc6 f4 46. Qxb6 Qc3 47. Be2 f3 48. Nxf3 Rxf3 49. gxf3 Ng3 50. Kg2 Qe1 51. Qg1 Nxe2 52. Qxe1 1-0

[Event "Staufer op 31st"]
[Site "Schwaebisch Gmuend"]
[Date "2019.01.02"]
[Round "1"]
[White "Weiss, Andreas"]
[Black "Sumets, Andrey"]
[Result "0-1"]
[WhiteElo "2198"]
[BlackElo "2577"]
[PlyCount "60"]
[EventDate "2019.01.02"]
[EventType "swiss"]
[EventRounds "9"]
[EventCountry "GER"]
[SourceTitle "CBM 188 Extra"]
[Source "ChessBase"]
[SourceDate "2019.02.26"]
[SourceVersion "1"]
[SourceVersionDate "2019.02.26"]
[SourceQuality "1"]

1. e4 e6 2. d4 d5 3. Nd2 Be7 4. c3 c5 5. Ngf3 cxd4 6. Nxd4 Nf6 7. Bd3 Nc6 8. Nxc6 bxc6 9. 0-0 0-0 10. Qe2 a5 11. b3 Qb6 12. Rb1 Bb7 13. Re1 Rfd8 14. e5 Nd7 15. Kh1 Ba6 16. c4 Nf8 17. f4 Bb4 18. Rd1 Qc5 19. Bb2 Ng6 20. Bxg6 hxg6 21. Nf3 dxc4 22. Bd4 cxb3 23. Qe3 Qc2 24. Rdc1 bxa2 25. Ra1 Qe2 26. Qxe2 Bxe2 27. Bb6 Rdb8 28. Nd4 Rxb6 29. Nxe2 Bd2 30. Rd1 Rb2 0-1

[Event "Oberliga Wuerttemberg 1718"]
[Site "Wuerttemberg"]
[Date "2018.02.18"]
[Round "7"]
[White "Wunder, Niklas"]
[Black "Weiss, Andreas"]
[Result "1/2-1/2"]
[WhiteElo "2100"]
[BlackElo "2183"]
[PlyCount "39"]
[EventDate "2017.09.17"]
[EventType "team-tourn"]
[EventRounds "9"]
[EventCountry "GER"]
[SourceTitle "EXT 2019"]
[Source "ChessBase"]
[SourceDate "2018.10.10"]
[SourceVersion "1"]
[SourceVersionDate "2018.10.10"]
[SourceQuality "1"]
[WhiteTeam "Weiler im Allgaeu"]
[BlackTeam "Schwaebisch Gmuend"]
[WhiteTeamCountry "GER"]
[BlackTeamCountry "GER"]

1. d4 Nf6 2. c4 e6 3. g3 Bb4+ 4. Bd2 Qe7 5. Nf3 Ne4 6. Bg2 0-0 7. 0-0 Nxd2 8. Nbxd2 Bxd2 9. Qxd2 d6 10. Qc3 Nd7 11. Rac1 Nf6 12. Nd2 c5 13. Rfd1 Rb8 14. dxc5 dxc5 15. Nf3 b6 16. Ne5 Bb7 17. Rd3 Bxg2 18. Kxg2 Qc7 19. f3 Rfd8 20. Rcd1 1/2-1/2

[Event "Oberliga Wuerttemberg 1718"]
[Site "Wuerttemberg"]
[Date "2018.01.21"]
[Round "6"]
[White "Schapotschnikov, Philipp"]
[Black "Weiss, Andreas"]
[Result "1-0"]
[WhiteElo "2210"]
[BlackElo "2183"]
[PlyCount "55"]
[EventDate "2017.09.17"]
[EventType "team-tourn"]
[EventRounds "9"]
[EventCountry "GER"]
[SourceTitle "EXT 2019"]
[Source "ChessBase"]
[SourceDate "2018.10.10"]
[SourceVersion "1"]
[SourceVersionDate "2018.10.10"]
[SourceQuality "1"]
[WhiteTeam "Stuttgart Wolfbusch"]
[BlackTeam "Schwaebisch Gmuend"]
[WhiteTeamCountry "GER"]
[BlackTeamCountry "GER"]

1. e4 c5 2. Nf3 e6 3. c3 d5 4. e5 Nc6 5. d4 Qb6 6. a3 a5 7. b3 Bd7 8. Be2 f6 9. 0-0 fxe5 10. Nxe5 Nxe5 11. dxe5 Qc7 12. Bf4 g6 13. Nd2 Bg7 14. Nf3 Ne7 15. Bd3 0-0 16. Qd2 Bc6 17. Ng5 Qd7 18. Rfe1 Nf5 19. Rad1 Rad8 20. c4 h6 21. cxd5 hxg5 22. dxc6 Qxd3 23. Qxd3 Rxd3 24. Rxd3 gxf4 25. c7 Nd4 26. Rc1 b6 27. Rxd4 Bxe5 28. Rd7 1-0

[Event "Staufer op-A 30th"]
[Site "Schwaebisch Gmuend"]
[Date "2018.01.05"]
[Round "8"]
[White "Weiss, Andreas"]
[Black "Karimi, Farhad"]
[Result "1/2-1/2"]
[WhiteElo "2209"]
[BlackElo "2087"]
[PlyCount "89"]
[EventDate "2018.01.02"]
[EventType "swiss"]
[EventRounds "9"]
[EventCountry "GER"]
[SourceTitle "CBM 182 Extra"]
[Source "ChessBase"]
[SourceDate "2018.02.23"]
[SourceVersion "1"]
[SourceVersionDate "2018.02.23"]
[SourceQuality "1"]

1. e4 c5 2. Nf3 Nc6 3. d4 cxd4 4. Nxd4 e5 5. Nb5 d6 6. N1c3 a6 7. Na3 b5 8. Nd5 Nce7 9. c4 Nxd5 10. exd5 bxc4 11. Bxc4 Nf6 12. 0-0 Be7 13. b4 0-0 14. Qe2 Nd7 15. Nc2 f5 16. f4 Bf6 17. Rb1 e4 18. Be3 Nb6 19. Rfc1 Nxc4 20. Qxc4 Bd7 21. Nd4 Bxd4 22. Qxd4 Bb5 23. Rc3 Rb8 24. Rbc1 Rf7 25. a3 h6 26. Qd1 Kh7 27. Qc2 Bd3 28. Qf2 a5 29. Rc6 axb4 30. Bb6 Qg8 31. axb4 Rf6 32. Qd4 Rg6 33. Bc7 Rb5 34. Rxd6 Rxd6 35. Bxd6 Rxd5 36. Qb6 Qe6 37. Bc5 Qxb6 38. Bxb6 Rb5 39. Bc5 g5 40. g3 Kg6 41. Kf2 Rb7 42. Ke3 Rd7 43. Bd4 gxf4+ 44. gxf4 Rd6 45. Rc5 1/2-1/2

[Event "Oberliga Wuerttemberg 1718"]
[Site "Wuerttemberg"]
[Date "2017.12.10"]
[Round "5"]
[White "Weiss, Oliver"]
[Black "Weiss, Andreas"]
[Result "0-1"]
[WhiteElo "2285"]
[BlackElo "2183"]
[PlyCount "112"]
[EventDate "2017.09.17"]
[EventType "team-tourn"]
[EventRounds "9"]
[EventCountry "GER"]
[SourceTitle "EXT 2019"]
[Source "ChessBase"]
[SourceDate "2018.10.10"]
[SourceVersion "1"]
[SourceVersionDate "2018.10.10"]
[SourceQuality "1"]
[WhiteTeam "Biberach"]
[BlackTeam "Schwaebisch Gmuend"]
[WhiteTeamCountry "GER"]
[BlackTeamCountry "GER"]

1. d4 Nf6 2. Bg5 Ne4 3. Bf4 d5 4. e3 e6 5. Bd3 Bd6 6. Qg4 0-0 7. Bxe4 dxe4 8. Bxd6 Qxd6 9. Nc3 f5 10. Qe2 b6 11. f3 Ba6 12. Qd2 Nd7 13. 0-0-0 Nf6 14. Nge2 exf3 15. gxf3 e5 16. d5 c5 17. Ng3 Bc8 18. Qd3 Ne8 19. Nb5 Qd7 20. d6 Bb7 21. e4 fxe4 22. Nxe4 Rd8 23. Ng5 Rf5 24. Rhg1 h6 25. Qc4+ Kh8 26. Ne6 Qf7 27. Qh4 Rd7 28. Nd8 Qxa2 29. Nc3 Qa6 30. Ne6 Rff7 31. Ng5 Rf4 32. Qh3 Rxd6 33. Rxd6 Nxd6 34. Ne6 Rxf3 35. Qg2 g5 36. Qd2 Rf1+ 37. Rxf1 Qxf1+ 38. Nd1 Nf7 39. Qd7 Qf6 40. Qe8+ Kh7 41. Ne3 Be4 42. b3 Kg6 43. Ng4 Qf1+ 44. Kb2 Kh5 45. Nxe5 Kh4 46. Nxf7 Qe2 47. Nexg5 Qxc2+ 48. Ka3 hxg5 49. Qh8+ Kg4 50. h3+ Kf5 51. Qe5+ Kg6 52. Qe6+ Kg7 53. Ne5 Qc1+ 54. Ka4 Qa1+ 55. Kb5 Qa5+ 56. Kc4 Qb4# 0-1

[Event "Oberliga Wuerttemberg 1718"]
[Site "Wuerttemberg"]
[Date "2017.09.17"]
[Round "1.4"]
[White "Weiss, Andreas"]
[Black "Stuermer, Robin Gabriel"]
[Result "0-1"]
[WhiteElo "2183"]
[BlackElo "2189"]
[PlyCount "98"]
[EventDate "2017.09.17"]
[EventType "team-tourn"]
[EventRounds "9"]
[EventCountry "GER"]
[SourceTitle "EXT 2019"]
[Source "ChessBase"]
[SourceDate "2018.10.10"]
[SourceVersion "1"]
[SourceVersionDate "2018.10.10"]
[SourceQuality "1"]
[WhiteTeam "Schwaebisch Gmuend"]
[BlackTeam "Heilbronn"]
[WhiteTeamCountry "GER"]
[BlackTeamCountry "GER"]

1. e4 Nc6 2. d4 d5 3. e5 f6 4. f4 Nh6 5. c3 Bg4 6. Nf3 e6 7. Bd3 fxe5 8. fxe5 Bxf3 9. Qxf3 Qh4+ 10. g3 Qh3 11. Be3 Be7 12. Qf1 Qg4 13. Qe2 Qxe2+ 14. Kxe2 Ng4 15. Bg1 0-0 16. Nd2 Nd8 17. h3 Nh6 18. g4 Nhf7 19. Be3 c5 20. Nf3 Nc6 21. Rhc1 Rac8 22. Bc2 Rc7 23. Bd1 g5 24. a3 a5 25. a4 Kg7 26. Bb3 Rfc8 27. Rh1 cxd4 28. cxd4 Nb4 29. Raf1 h6 30. Nd2 Nc2 31. Rf3 Nh8 32. Rhf1 Ng6 33. Nb1 Nf4+ 34. Kd2 Bb4+ 35. Nc3 Nxe3 36. Rxe3 Rc6 37. Bd1 Rc4 38. Bb3 Rxd4+ 39. Kc2 Ng2 40. Rg3 Rf4 41. Rxf4 Ne1+ 42. Kb1 gxf4 43. Rg1 Nd3 44. Ne2 f3 45. Ng3 Be1 46. Bc2 f2 47. Rf1 Nxe5 48. Nh5+ Kf7 49. Nf4 Nc4 0-1

[Event "Oberliga Wuerttemberg 1617"]
[Site "Wuerttemberg"]
[Date "2017.02.19"]
[Round "8.6"]
[White "Weiss, Andreas"]
[Black "Hofmann, Martin"]
[Result "1/2-1/2"]
[WhiteElo "2215"]
[BlackElo "2231"]
[PlyCount "47"]
[EventDate "2016.09.25"]
[EventType "team-tourn"]
[EventRounds "11"]
[EventCountry "GER"]
[SourceTitle "EXT 2019"]
[Source "ChessBase"]
[SourceDate "2018.10.10"]
[SourceVersion "1"]
[SourceVersionDate "2018.10.10"]
[SourceQuality "1"]
[WhiteTeam "Schwaebisch Gmuend"]
[BlackTeam "Stuttgart SF"]
[WhiteTeamCountry "GER"]
[BlackTeamCountry "GER"]

1. e4 c5 2. Nf3 e6 3. d4 cxd4 4. Nxd4 Nf6 5. Bd3 Nc6 6. Nxc6 bxc6 7. c4 d5 8. exd5 cxd5 9. 0-0 Be7 10. Nc3 dxc4 11. Bxc4 0-0 12. Bf4 Qa5 13. Qf3 Ba6 14. Bxa6 Qxa6 15. Rfd1 Rfd8 16. Bc7 Rxd1+ 17. Rxd1 Rc8 18. Be5 Qc6 19. Qxc6 Rxc6 20. a3 Kf8 21. h3 Ke8 22. Kf1 a6 23. Ke2 g6 24. f4 1/2-1/2

[Event "Oberliga Wuerttemberg 1617"]
[Site "Wuerttemberg"]
[Date "2016.10.16"]
[Round "2.5"]
[White "Weiss, Andreas"]
[Black "Wolbert, Christian"]
[Result "1-0"]
[WhiteElo "2215"]
[BlackElo "2171"]
[PlyCount "135"]
[EventDate "2016.09.25"]
[EventType "team-tourn"]
[EventRounds "11"]
[EventCountry "GER"]
[SourceTitle "EXT 2019"]
[Source "ChessBase"]
[SourceDate "2018.10.10"]
[SourceVersion "1"]
[SourceVersionDate "2018.10.10"]
[SourceQuality "1"]
[WhiteTeam "Schwaebisch Gmuend"]
[BlackTeam "Heilbronn"]
[WhiteTeamCountry "GER"]
[BlackTeamCountry "GER"]

1. e4 e6 2. d4 d5 3. Nd2 Nf6 4. e5 Nfd7 5. c3 c5 6. f4 Nc6 7. Ndf3 Be7 8. Bd3 Qb6 9. Ne2 f6 10. Bc2 cxd4 11. cxd4 Nf8 12. 0-0 Bd7 13. Nc3 0-0-0 14. Na4 Qc7 15. Be3 Kb8 16. Rc1 Rc8 17. Bd3 Qa5 18. Bd2 Nb4 19. Rxc8+ Kxc8 20. Bxb4 Qxb4 21. Qc2+ Kb8 22. Rc1 Bc6 23. Nc5 Bxc5 24. Qxc5 Qxc5 25. Rxc5 Ng6 26. g3 Ne7 27. Kf2 h6 28. h4 Rc8 29. g4 h5 30. exf6 hxg4 31. fxe7 gxf3 32. Kxf3 Kc7 33. b4 a6 34. a4 Kd6 35. b5 axb5 36. axb5 Kxe7 37. bxc6 bxc6 38. Bb5 Rh8 39. Rxc6 Rxh4 40. Rc7+ Kf8 41. Bd7 Ke7 42. Ba4+ Kf8 43. Bc2 Rh3+ 44. Kg4 Rh1 45. f5 exf5+ 46. Kxf5 Re1 47. Rd7 Re2 48. Bb3 Rf2+ 49. Ke6 g5 50. Rxd5 Re2+ 51. Kf6 Rf2+ 52. Kxg5 Ke7 53. Re5+ Kd6 54. Re6+ Kd7 55. d5 Rd2 56. Kf5 Rf2+ 57. Ke4 Kc7 58. Kd4 Rf3 59. Bc4 Rf5 60. Kc5 Rh5 61. Re7+ Kd8 62. Rg7 Rh4 63. Bb5 Rh5 64. Kc6 Rh8 65. d6 Kc8 66. Bc4 Kb8 67. Bd5 Rc8+ 68. Kb6 1-0

[Event "Oberliga Wuerttemberg 1617"]
[Site "Wuerttemberg"]
[Date "2016.09.25"]
[Round "1.5"]
[White "Fischer, Andre"]
[Black "Weiss, Andreas"]
[Result "0-1"]
[WhiteElo "2224"]
[BlackElo "2215"]
[PlyCount "86"]
[EventDate "2016.09.25"]
[EventType "team-tourn"]
[EventRounds "11"]
[EventCountry "GER"]
[SourceTitle "EXT 2019"]
[Source "ChessBase"]
[SourceDate "2018.10.10"]
[SourceVersion "1"]
[SourceVersionDate "2018.10.10"]
[SourceQuality "1"]
[WhiteTeam "Biberach"]
[BlackTeam "Schwaebisch Gmuend"]
[WhiteTeamCountry "GER"]
[BlackTeamCountry "GER"]

1. e4 c5 2. Nf3 e6 3. d4 cxd4 4. Nxd4 a6 5. Nc3 Qc7 6. Bd3 Nf6 7. 0-0 b5 8. Qe2 d6 9. a4 b4 10. Na2 e5 11. Nf3 Nc6 12. c3 bxc3 13. Nxc3 Be7 14. Be3 Nb4 15. Rac1 Qb7 16. Bg5 Bd7 17. Bxf6 Bxf6 18. Bc4 Bc6 19. Rfd1 Be7 20. Ne1 0-0 21. Nd3 Bg5 22. Rb1 Rfd8 23. Qh5 Nxd3 24. Bxd3 h6 25. b4 f5 26. b5 axb5 27. axb5 Bxe4 28. Bxe4 fxe4 29. Qg6 e3 30. fxe3 Bxe3+ 31. Kh1 Bd4 32. Ne2 Bc5 33. Rf1 Rf8 34. Nc3 Rxf1+ 35. Rxf1 Bd4 36. Ne4 Kh8 37. h3 Qxb5 38. Rf7 Qb1+ 39. Kh2 Bg1+ 40. Kg3 Rg8 41. Qf5 d5 42. Nd6 Qe1+ 43. Kg4 Qb4+ 0-1

[Event "Staufer op-A 28th"]
[Site "Schwaebisch Gmuend"]
[Date "2016.01.02"]
[Round "1"]
[White "Hacker, Jonas"]
[Black "Weiss, Andreas"]
[Result "0-1"]
[WhiteElo "2360"]
[BlackElo "2139"]
[PlyCount "78"]
[EventDate "2016.01.02"]
[EventType "swiss"]
[EventRounds "9"]
[EventCountry "GER"]
[SourceTitle "CBM 170 Extra"]
[Source "ChessBase"]
[SourceDate "2016.02.25"]
[SourceVersion "1"]
[SourceVersionDate "2016.02.25"]
[SourceQuality "1"]

1. e4 c5 2. Nf3 e6 3. d4 cxd4 4. Nxd4 a6 5. Nc3 Qc7 6. Bd3 Bc5 7. Nb3 Be7 8. a4 b6 9. f4 d6 10. 0-0 Nf6 11. e5 Nfd7 12. exd6 Bxd6 13. Qg4 0-0 14. Qh3 f5 15. Be3 Bb7 16. Nd4 Rf6 17. Nxf5 exf5 18. Bxf5 Nf8 19. Ne4 Bxe4 20. Bxe4 Nc6 21. f5 Bc5 22. Bxc5 bxc5 23. Qc3 Qb6 24. Rad1 Rc8 25. Bxc6 Qxc6 26. Qc4+ Kh8 27. Rd5 Nd7 28. Rfd1 Nf8 29. b3 h6 30. h3 Qb6 31. Kh1 Nh7 32. h4 Rfc6 33. Rd7 Nf6 34. Re7 Rd6 35. Rde1 Rf8 36. R7e6 Rfd8 37. Rxd6 Qxd6 38. Qf7 Qg3 39. Qe7 Rd2 0-1

[Event "Staufer op-A 28th"]
[Site "Schwaebisch Gmuend"]
[Date "2016.01.02"]
[Round "2"]
[White "Weiss, Andreas"]
[Black "Zeller, Frank"]
[Result "0-1"]
[WhiteElo "2139"]
[BlackElo "2397"]
[PlyCount "80"]
[EventDate "2016.01.02"]
[EventType "swiss"]
[EventRounds "9"]
[EventCountry "GER"]
[SourceTitle "CBM 170 Extra"]
[Source "ChessBase"]
[SourceDate "2016.02.25"]
[SourceVersion "1"]
[SourceVersionDate "2016.02.25"]
[SourceQuality "1"]

1. e4 c5 2. Nf3 d6 3. d4 cxd4 4. Nxd4 Nf6 5. Nc3 a6 6. Be3 e6 7. f3 b5 8. Qd2 Bb7 9. g4 Nfd7 10. 0-0-0 Be7 11. Kb1 Nb6 12. Qf2 N8d7 13. Bd3 Rc8 14. Nce2 d5 15. Nf4 Bh4 16. Qg1 dxe4 17. fxe4 Nc4 18. Nf3 Nxe3 19. Qxe3 Be7 20. h4 Qb6 21. Qe2 Bd6 22. Nh5 g6 23. e5 Bxf3 24. Qxf3 Bxe5 25. Be4 Qc7 26. Rhf1 0-0 27. Nf4 Bxf4 28. Qxf4 Qxf4 29. Rxf4 Nc5 30. Bg2 f5 31. gxf5 gxf5 32. Rd2 Kg7 33. Bf1 e5 34. Rf3 f4 35. Rd5 Rcd8 36. c4 Rxd5 37. cxd5 Rd8 38. b4 Na4 39. Rd3 e4 40. Rd4 Rxd5 0-1

[Event "Staufer op-A 27th"]
[Site "Schwaebisch Gmuend"]
[Date "2015.01.06"]
[Round "9"]
[White "Neyman, Igor"]
[Black "Weiss, Andreas"]
[Result "1/2-1/2"]
[WhiteElo "2313"]
[BlackElo "2165"]
[PlyCount "84"]
[EventDate "2015.01.02"]
[EventType "swiss"]
[EventRounds "9"]
[EventCountry "GER"]
[SourceTitle "CBM 164 Extra"]
[Source "ChessBase"]
[SourceDate "2015.03.02"]
[SourceVersion "1"]
[SourceVersionDate "2015.03.02"]
[SourceQuality "1"]

1. d4 Nf6 2. c4 e6 3. Nc3 Bb4 4. e3 0-0 5. Nge2 d5 6. a3 Be7 7. Nf4 b6 8. cxd5 exd5 9. b4 c6 10. Qb3 Bb7 11. Bd3 Na6 12. 0-0 Nc7 13. a4 a6 14. Ba3 Bd6 15. g3 Re8 16. Bf5 Bc8 17. Bxc8 Qxc8 18. Kg2 Bxf4 19. exf4 b5 20. Qc2 Qd7 21. Rac1 Rac8 22. f3 Re7 23. Rfe1 Rxe1 24. Rxe1 Nce8 25. Nd1 Nd6 26. a5 Nc4 27. Bc1 Re8 28. Rxe8+ Nxe8 29. Nf2 Nc7 30. f5 Qe7 31. Bf4 Ne8 32. Nd3 Nf6 33. Kf2 Nd7 34. h4 Qf6 35. Ne5 Ndxe5 36. dxe5 Nxe5 37. Bxe5 Qxe5 38. Qxc6 h6 39. Qxa6 Qb2+ 40. Kg1 Qb1+ 41. Kg2 Qc2+ 42. Kg1 Qb1+ 1/2-1/2

[Event "Staufer op 26th"]
[Site "Schwaebisch Gmuend"]
[Date "2014.01.06"]
[Round "9"]
[White "Hacker, Jonas"]
[Black "Weiss, Andreas"]
[Result "1-0"]
[WhiteElo "2090"]
[BlackElo "2181"]
[PlyCount "80"]
[EventDate "2014.01.02"]
[EventType "swiss"]
[EventRounds "9"]
[EventCountry "GER"]
[SourceTitle "CBM 158 Extra"]
[Source "ChessBase"]
[SourceDate "2014.02.28"]
[SourceVersion "1"]
[SourceVersionDate "2014.02.28"]
[SourceQuality "1"]

1. e4 c5 2. Nf3 e6 3. d4 cxd4 4. Nxd4 a6 5. Nc3 Qc7 6. Bd3 Nc6 7. Nxc6 dxc6 8. 0-0 e5 9. f4 Nf6 10. Kh1 Bd6 11. f5 b5 12. a4 Rb8 13. Be3 0-0 14. Qe2 Bb7 15. Bf2 Rfc8 16. b3 Qe7 17. Nd1 c5 18. Bh4 Bc6 19. axb5 axb5 20. Ne3 Qb7 21. Bxf6 gxf6 22. Qh5 Kh8 23. Rae1 Rg8 24. Qh4 Rg5 25. c4 b4 26. Rf3 Rbg8 27. Rh3 R8g7 28. Ra1 Be7 29. Ra2 Qd7 30. Nd5 Bd8 31. Qh6 Qd6 32. Qh4 Rg4 33. Qe1 Rg8 34. Qe2 R4g5 35. Rh5 Be7 36. Ra6 Ra8 37. Rxa8+ Bxa8 38. Rh3 Bd8 39. Qa2 Qb8 40. Qa6 Bxd5 1-0

[Event "Oberliga Wuerttemberg 1314"]
[Site "Wuerttemberg"]
[Date "2013.10.13"]
[Round "1.2"]
[White "Lang, Marc"]
[Black "Weiss, Andreas"]
[Result "1-0"]
[WhiteElo "2294"]
[BlackElo "2140"]
[PlyCount "77"]
[EventDate "2013.10.13"]
[EventType "team-tourn"]
[EventRounds "9"]
[EventCountry "GER"]
[SourceTitle "EXT 2019"]
[Source "ChessBase"]
[SourceDate "2018.10.10"]
[SourceVersion "1"]
[SourceVersionDate "2018.10.10"]
[SourceQuality "1"]
[WhiteTeam "Sontheim/Brenz"]
[BlackTeam "Schwaebisch Gmuend"]
[WhiteTeamCountry "GER"]
[BlackTeamCountry "GER"]

1. d4 Nf6 2. c4 e6 3. Nf3 b6 4. g3 Bb7 5. Bg2 Bb4+ 6. Nbd2 0-0 7. a3 Be7 8. Qc2 c5 9. dxc5 bxc5 10. 0-0 d5 11. cxd5 exd5 12. e4 dxe4 13. Ng5 Nc6 14. Ndxe4 Nxe4 15. Nxe4 Nd4 16. Qd1 Qb6 17. Be3 Rad8 18. Bxd4 cxd4 19. b4 f5 20. Qb3+ Kh8 21. Nd2 Bxg2 22. Kxg2 f4 23. Qd3 fxg3 24. hxg3 Qc6+ 25. Ne4 Rf5 26. Rac1 Qb7 27. f3 a5 28. Nd6 Bxd6 29. Qxf5 axb4 30. Rh1 h6 31. Rxh6+ gxh6 32. Qf6+ Kh7 33. Qxd8 bxa3 34. Rc8 Kg7 35. Qh8+ Kg6 36. Rg8+ Kf5 37. Qxh6 Qb2+ 38. Kh3 Be7 39. Rg6 1-0

[Event "Oberliga Wuerttemberg 1213"]
[Site "Wuerttemberg"]
[Date "2013.03.24"]
[Round "8.3"]
[White "Weiss, Andreas"]
[Black "Braun, Georg"]
[Result "0-1"]
[WhiteElo "2106"]
[BlackElo "2257"]
[PlyCount "148"]
[EventDate "2012.09.30"]
[EventType "team-tourn"]
[EventRounds "9"]
[EventCountry "GER"]
[SourceTitle "EXT 2019"]
[Source "ChessBase"]
[SourceDate "2018.10.10"]
[SourceVersion "1"]
[SourceVersionDate "2018.10.10"]
[SourceQuality "1"]
[WhiteTeam "Schwaebisch Gmuend"]
[BlackTeam "Bebenhausen"]
[WhiteTeamCountry "GER"]
[BlackTeamCountry "GER"]

1. e4 c6 2. d4 d5 3. e5 Bf5 4. Nf3 e6 5. Be2 c5 6. 0-0 Nc6 7. c3 h6 8. Be3 Qb6 9. Qd2 Bh7 10. Na3 c4 11. Ne1 Bxa3 12. bxa3 Nge7 13. Qd1 Qa5 14. Qc1 0-0-0 15. f4 Kb8 16. Qb2 Nc8 17. Nc2 Nb6 18. Nb4 Rc8 19. Bd1 Na4 20. Qd2 Ne7 21. Bc2 Bxc2 22. Qxc2 h5 23. Rf3 g6 24. Bf2 Nf5 25. Rb1 Ka8 26. Qd2 Rcg8 27. Nc2 Qd8 28. Rb4 Nb6 29. Ne3 Nc8 30. Nxf5 exf5 31. Qe1 Qd7 32. Bh4 Re8 33. Qb1 Re6 34. Qb2 a5 35. Rb5 Na7 36. Rb6 Qc7 37. Rxe6 fxe6 38. a4 Qc6 39. Qa3 Nc8 40. Be1 Rg8 41. Rg3 Ka7 42. h3 Ka6 43. Kh2 Qd7 44. Bd2 Qe8 45. Rf3 Nb6 46. Qd6 Rg7 47. Rf1 Rd7 48. Qa3 Rd8 49. Rb1 Nxa4 50. Be1 b5 51. Qc1 Qe7 52. a3 Rb8 53. Ra1 Kb6 54. Bd2 Kc6 55. Qc2 Kd7 56. Bc1 Ke8 57. Rb1 Rb7 58. Kg3 Kf7 59. Kf3 Qd7 60. Bd2 Nb6 61. Be1 Nc8 62. Qf2 Qe7 63. Qh4 Qxh4 64. Bxh4 Na7 65. Be1 Nc6 66. Kg3 b4 67. axb4 axb4 68. cxb4 Nxd4 69. Bf2 Nb3 70. Be1 d4 71. Kf3 Ke7 72. Rb2 Kd7 73. Rc2 c3 74. Bxc3 Rc7 0-1

[Event "Staufer op 25th"]
[Site "Schwaebisch Gmuend"]
[Date "2013.01.03"]
[Round "3"]
[White "Weiss, Andreas"]
[Black "Steinbach, Peter"]
[Result "1-0"]
[WhiteElo "2197"]
[BlackElo "2005"]
[PlyCount "29"]
[EventDate "2013.01.02"]
[EventType "swiss"]
[EventRounds "9"]
[EventCountry "GER"]
[SourceTitle "CBM 152 Extra"]
[Source "ChessBase"]
[SourceDate "2013.02.25"]
[SourceVersion "1"]
[SourceVersionDate "2013.02.25"]
[SourceQuality "1"]

1. e4 c6 2. d4 d5 3. e5 c5 4. dxc5 e6 5. Be3 Qc7 6. Nf3 Bxc5 7. Bxc5 Qxc5 8. Bd3 Ne7 9. 0-0 Bd7 10. Nbd2 Nbc6 11. a3 Ng6 12. Re1 b5 13. b4 Qc3 14. Bxg6 hxg6 15. Re3 1-0